Statistics for Top 10 Brazilian PL appearances

Click here to take the quiz!

General Stats

  • This quiz has been taken 38 times
  • The average score is 4 of 10

Answer Stats

AppsAnswer% Correct
125Juninho
66%
137Coutinho
60%
129Willian
49%
131Oscar
43%
130Fernandinho
43%
170Silva
34%
170Gomes
31%
246Lucas
26%
159Ramires
23%
152Thome
0%

Score Distribution

Percentile by Number Answered

Percent of People with Each Score

Your Score History

You have not taken this quiz